[Event "HZ Chess Tournament 2024"]
[Site "Vlissingen, Netherlands"]
[Date "2024.08.04"]
[Round "2.16"]
[White "Setyaki, Azarya Jodi"]
[Black "Aarts, Joaquin"]
[Result "1-0"]
[WhiteElo "2370"]
[BlackElo "2015"]
[PlyCount "139"]

1. e4 c5 2. Nf3 d6 3. d4 cxd4 4. Nxd4 Nf6 5. Nc3 a6 6. h3 e5 7. Nf3 Be7 8. g4
Be6 9. g5 Nfd7 10. Be3 Nb6 11. h4 N8d7 12. Qd2 Rc8 13. h5 Nc5 14. h6 g6 15. b3
d5 16. Nxe5 Nxe4 17. Nxe4 dxe4 18. Qxd8+ Bxd8 19. c4 f6 20. gxf6 Bxf6 21. Bxb6
Bxe5 22. O-O-O Kf7 23. Bg2 Rhe8 24. Be3 Bf5 25. Rd5 Rcd8 26. Rhd1 Rxd5 27. Rxd5
Kf6 28. a4 g5 29. Bd4 Bxd4 30. Rxd4 g4 31. Kd2 Kg5 32. Ke3 Bg6 33. Rd7 b6 34.
Rd6 Rb8 35. Re6 Re8 36. Rxb6 Kxh6 37. Kf4 Rf8+ 38. Kxg4 Kg7 39. Kg3 h5 40. Rxa6
h4+ 41. Kxh4 Rxf2 42. Bh3 Bf7 43. Ra5 Kf6 44. Bg4 e3 45. Kg3 Rf1 46. Be2 Rf2
47. Bf3 Rb2 48. Rb5 Rb1 49. Kf4 Rc1 50. Rb6+ Ke7 51. Kxe3 Rc3+ 52. Ke2 Be6 53.
Bd5 Rc2+ 54. Kd3 Bf5+ 55. Be4 Bxe4+ 56. Kxe4 Kd7 57. a5 Kc7 58. Kd4 Rh2 59. Rf6
Rh4+ 60. Kc5 Rh5+ 61. Kb4 Kb7 62. c5 Rh3 63. Kc4 Ka7 64. b4 Rh7 65. b5 Kb7 66.
a6+ Ka7 67. Kb4 Rh8 68. Rf7+ Ka8 69. b6 Rb8 70. Ra7# 1-0

[Event "HZ Chess Tournament 2024"]
[Site "Vlissingen, Netherlands"]
[Date "2024.08.04"]
[Round "2.17"]
[White "Tibke, Jonas"]
[Black "Tarigan, Gilbert Elroy"]
[Result "0-1"]
[WhiteElo "2019"]
[BlackElo "2359"]
[PlyCount "68"]

1. e4 e5 2. Nf3 Nc6 3. Bc4 Nf6 4. d3 Be7 5. Nbd2 O-O 6. c3 d6 7. a4 a5 8. Qb3
Nb8 9. Nf1 c6 10. Ne3 Na6 11. O-O h6 12. Bd2 Nc5 13. Qc2 Nxa4 14. Qxa4 b5 15.
Qc2 bxc4 16. Nxc4 Bg4 17. Be3 Nd7 18. Qa4 f5 19. Qxc6 fxe4 20. dxe4 Rc8 21.
Qd5+ Kh7 22. Ncd2 Nc5 23. Bxc5 Rxc5 24. Qd3 Qb6 25. Rfb1 Rb5 26. Nc4 Qc5 27.
Rxa5 Rxa5 28. b4 Qc8 29. bxa5 Bxf3 30. gxf3 Qh3 31. Nd2 Bg5 32. a6 Bxd2 33.
Qxd2 Rf6 34. Kh1 Rg6 0-1

[Event "HZ Chess Tournament 2024"]
[Site "Vlissingen, Netherlands"]
[Date "2024.08.04"]
[Round "2.18"]
[White "Karsay, Pascal"]
[Black "Goossens, Xavier"]
[Result "1-0"]
[WhiteElo "2357"]
[BlackElo "2010"]
[PlyCount "95"]

1. d4 d5 2. c4 c5 3. Nf3 cxd4 4. cxd5 Qa5+ 5. Qd2 Qxd5 6. Qxd4 Qxd4 7. Nxd4 Bd7
8. Nc3 Nc6 9. Nxc6 Bxc6 10. e4 e6 11. Be3 Bb4 12. f3 Nf6 13. Rc1 O-O 14. Kf2
Rfd8 15. Be2 a6 16. h4 h5 17. Rc2 Nd7 18. Rd1 Rac8 19. Rcd2 Be7 20. g3 b5 21.
a3 Ne5 22. Rxd8+ Rxd8 23. Rxd8+ Bxd8 24. b4 Bf6 25. Nb1 g6 26. Bg5 Bg7 27. Be7
f5 28. Ke3 Kf7 29. Bd6 fxe4 30. fxe4 Nd7 31. a4 Nf6 32. axb5 Bxb5 33. Bxb5 axb5
34. Na3 Ne8 35. Nxb5 Nxd6 36. Nxd6+ Ke7 37. Nc4 Bc3 38. b5 e5 39. Ke2 Bd4 40.
Kd3 Kd7 41. Kc2 Kc7 42. Kb3 Ba1 43. Ka4 Bd4 44. Ka5 Kb7 45. b6 Bf2 46. Kb5 Bxg3
47. Na5+ Kb8 48. Ka6 1-0

[Event "HZ Chess Tournament 2024"]
[Site "Vlissingen, Netherlands"]
[Date "2024.08.04"]
[Round "2.19"]
[White "Ellenbroek, Ton"]
[Black "Sorbe, Stephane"]
[Result "0-1"]
[WhiteElo "2001"]
[BlackElo "2343"]
[PlyCount "50"]

1. c4 c6 2. d4 d5 3. Nc3 dxc4 4. e3 b5 5. a4 b4 6. Ne4 Qd5 7. Nd2 c3 8. bxc3
bxc3 9. Ndf3 e6 10. Ba3 Bxa3 11. Rxa3 Nf6 12. Ne2 Ba6 13. Nxc3 Qd6 14. Rb3 Bxf1
15. Kxf1 O-O 16. Ke2 Nbd7 17. Qd3 Rfd8 18. Ne4 Nxe4 19. Qxe4 h6 20. Rhb1 c5 21.
Rb7 Qa6+ 22. R1b5 Qxa4 23. Qb1 Rac8 24. Qb3 Qa6 25. Qc3 Rb8 0-1

[Event "HZ Chess Tournament 2024"]
[Site "Vlissingen, Netherlands"]
[Date "2024.08.04"]
[Round "2.20"]
[White "Syrov, Arkadi"]
[Black "Asefi, Zaheeruddeen"]
[Result "1-0"]
[WhiteElo "2316"]
[BlackElo "1998"]
[PlyCount "97"]

1. Nf3 d5 2. g3 c5 3. Bg2 Nc6 4. d4 Bf5 5. O-O e6 6. c4 Nf6 7. Nc3 Be7 8. Bg5
O-O 9. dxc5 dxc4 10. Qa4 Bxc5 11. Qxc4 Be7 12. Nh4 Bg6 13. Nxg6 hxg6 14. Rfd1
Qa5 15. Qb5 Qxb5 16. Nxb5 Na5 17. b3 a6 18. Nd6 Bxd6 19. Rxd6 Rfd8 20. Rxd8+
Rxd8 21. Rc1 Rd6 22. Bf4 Rd4 23. Bc7 Nc6 24. Bxc6 bxc6 25. Bf4 a5 26. Be3 Rb4
27. Rxc6 a4 28. Rc8+ Kh7 29. Rc4 Rxc4 30. bxc4 Nd7 31. c5 Ne5 32. Kf1 Kg8 33.
Ke1 Kf8 34. Kd2 Ke7 35. Kc3 Kd7 36. Kb4 Kc6 37. Bd4 Nd7 38. Kxa4 e5 39. Be3 f6
40. Kb4 g5 41. h3 f5 42. f3 g6 43. Kc4 f4 44. gxf4 gxf4 45. Bf2 Nf6 46. a4 Nd7
47. a5 Nb8 48. Bh4 Na6 49. Be7 1-0

[Event "HZ Chess Tournament 2024"]
[Site "Vlissingen, Netherlands"]
[Date "2024.08.04"]
[Round "2.21"]
[White "De Jong, Migchiel"]
[Black "Hoffman, Ron"]
[Result "0-1"]
[WhiteElo "2295"]
[BlackElo "1997"]
[PlyCount "50"]

1. Nf3 f5 2. d3 d6 3. e4 e5 4. Nc3 Nc6 5. g3 Nf6 6. Bg2 Be7 7. O-O O-O 8. Nh4
f4 9. Nf5 g5 10. gxf4 gxf4 11. Kh1 Kh8 12. Nxe7 Qxe7 13. Nd5 Nxd5 14. exd5 Nd4
15. Rg1 Qh4 16. Be4 Rf6 17. f3 Rh6 18. Qd2 Bf5 19. Rg2 Bh3 20. Rg1 Bf5 21. Rg2
Rg8 22. Bxf5 Rxg2 23. Qxg2 Qe1+ 24. Qg1 Rxh2+ 25. Kxh2 Nxf3+ 0-1

[Event "HZ Chess Tournament 2024"]
[Site "Vlissingen, Netherlands"]
[Date "2024.08.04"]
[Round "2.22"]
[White "Rappazzo, Johannes"]
[Black "Dhooge, Servaas"]
[Result "1-0"]
[WhiteElo "2278"]
[BlackElo "1994"]
[PlyCount "75"]

1. e4 c5 2. Nf3 e6 3. d4 cxd4 4. Nxd4 a6 5. c4 Nf6 6. Nc3 Qc7 7. a3 b6 8. Be3
Bb7 9. f3 Be7 10. Be2 O-O 11. Rc1 d6 12. Qd2 Nbd7 13. g4 Qd8 14. g5 Nh5 15. Rg1
Rc8 16. Kd1 g6 17. f4 Nxf4 18. Bxf4 e5 19. Be3 exd4 20. Qxd4 Nc5 21. Kc2 b5 22.
h4 bxc4 23. Bxc4 Nxe4 24. Kb1 Nxc3+ 25. Rxc3 d5 26. Bb3 Rxc3 27. Qxc3 Qc8 28.
Qd4 Qe6 29. h5 gxh5 30. Bc2 Rc8 31. Rh1 Bc5 32. Bxh7+ Kf8 33. Qh8+ Ke7 34.
Bxc5+ Rxc5 35. Qd4 Rc4 36. Qf2 Kd8 37. Re1 Qd7 38. Qf6+ 1-0

[Event "HZ Chess Tournament 2024"]
[Site "Vlissingen, Netherlands"]
[Date "2024.08.04"]
[Round "2.23"]
[White "Grochal, Joey"]
[Black "Lind, Jacco"]
[Result "1/2-1/2"]
[WhiteElo "2251"]
[BlackElo "1983"]
[PlyCount "153"]

1. d4 Nf6 2. c4 g6 3. Nc3 d5 4. cxd5 Nxd5 5. e4 Nxc3 6. bxc3 Bg7 7. Be3 c5 8.
Qd2 Qa5 9. Nf3 O-O 10. Rb1 b6 11. Rb5 Qa4 12. Rb3 Ba6 13. Bxa6 Qxa6 14. Qe2
Qxe2+ 15. Kxe2 Nc6 16. Rbb1 Rfd8 17. Rhd1 e6 18. Rbc1 cxd4 19. cxd4 Rac8 20. d5
exd5 21. Rxd5 Rxd5 22. exd5 Ne7 23. d6 Rxc1 24. Bxc1 Nc6 25. Ba3 f6 26. Kd3 Kf7
27. Kc4 Ke6 28. Kb5 Kd7 29. Nd2 f5 30. Nc4 Bd4 31. f4 h5 32. h3 Bc3 33. Bc1 Bd4
34. Bd2 Bf6 35. Be3 Bc3 36. Ka6 Bf6 37. a4 Bc3 38. Na3 Bb4 39. Nb5 Bxd6 40.
Nxa7 Nxa7 41. Kxa7 Bc5 42. Bc1 b5+ 43. Ka6 bxa4 44. Ka5 Kd6 45. Kxa4 Kd5 46.
Kb3 Ke4 47. Kc2 Be3 48. Ba3 Bxf4 49. Kd1 Be5 50. Bc1 Kd3 51. Ke1 Bd4 52. Kf1
Be3 53. Ba3 g5 54. Bd6 Ke4 55. Bc7 Bd4 56. Ba5 Kf4 57. Be1 Bf6 58. Kf2 h4 59.
Kf1 g4 60. hxg4 Kxg4 61. Kg1 Bd4+ 62. Kh2 Be3 63. Ba5 Bf2 64. Bd2 Bg3+ 65. Kg1
f4 66. Bc1 Be1 67. Kh2 Ba5 68. Ba3 Bc7 69. Bc5 Ba5 70. Bd4 Be1 71. Bc5 Bg3+ 72.
Kg1 h3 73. gxh3+ Kxh3 74. Bd6 f3 75. Bc5 Kg4 76. Kf1 f2 77. Bxf2 1/2-1/2

[Event "HZ Chess Tournament 2024"]
[Site "Vlissingen, Netherlands"]
[Date "2024.08.04"]
[Round "2.24"]
[White "Messaoudi, Nino"]
[Black "Van Baar, Esper"]
[Result "0-1"]
[WhiteElo "1992"]
[BlackElo "2248"]
[PlyCount "46"]

1. d4 Nf6 2. c4 c6 3. Nc3 d5 4. Nf3 e6 5. e3 Nbd7 6. Bd3 dxc4 7. Bxc4 b5 8. Bd3
b4 9. Na4 Bd6 10. O-O O-O 11. Bd2 Qe7 12. Rc1 Bb7 13. e4 e5 14. dxe5 Nxe5 15.
Nxe5 Qxe5 16. g3 Rad8 17. Bf4 Qe6 18. Bxd6 Qxd6 19. Nc5 Bc8 20. Re1 Ng4 21. e5
Nxe5 22. Bxh7+ Kxh7 23. Qxd6 Nf3+ 0-1

[Event "HZ Chess Tournament 2024"]
[Site "Vlissingen, Netherlands"]
[Date "2024.08.04"]
[Round "2.25"]
[White "Saeid, Kiarasch"]
[Black "Honkoop, Gilian"]
[Result "0-1"]
[WhiteElo "1982"]
[BlackElo "2189"]
[PlyCount "148"]

1. d4 Nf6 2. Bg5 e6 3. Nf3 h6 4. Bh4 c5 5. e3 Nc6 6. c3 b6 7. Be2 Be7 8. Nbd2
d5 9. Bg3 O-O 10. O-O Bb7 11. Rc1 Nh5 12. Qc2 Nxg3 13. hxg3 Rc8 14. Rfd1 cxd4
15. exd4 Rc7 16. Qb1 Qc8 17. Re1 Ba6 18. Rcd1 Bxe2 19. Rxe2 Qb7 20. Ne5 b5 21.
Nb3 Nxe5 22. Rxe5 Rfc8 23. Re2 b4 24. cxb4 Qxb4 25. Qd3 Rc4 26. a3 Qb6 27. Rdd2
Bf6 28. Kh2 a5 29. Qf3 a4 30. Nc5 Bxd4 31. Nd3 Qc7 32. Nf4 Bf6 33. Rd3 Bg5 34.
Nh3 Bc1 35. b3 axb3 36. Rxb3 Rc3 37. Rxc3 Qxc3 38. Ra2 d4 39. Ng1 d3 40. Qd1
Qc4 41. Ra1 Qc2 42. Rxc1 Qxc1 43. Qxd3 Ra8 44. a4 Qa1 45. Nf3 Qxa4 46. Ne5 Qe8
47. Qf3 Ra5 48. Nc4 Rf5 49. Qe3 Rh5+ 50. Kg1 Qa4 51. Nd2 Qd1+ 52. Nf1 Rd5 53.
Qa7 Qd3 54. Qa8+ Rd8 55. Qc6 Rb8 56. Ne3 Qe2 57. Qe4 Rc8 58. Qf4 Rc1+ 59. Kh2
Qh5+ 60. Qh4 Qxh4+ 61. gxh4 g6 62. g3 Kg7 63. Kg2 f5 64. Kf3 Ra1 65. Nc4 Kf6
66. Ke2 Ra4 67. Nb6 Rd4 68. Ke3 e5 69. Na8 f4+ 70. Ke2 fxg3 71. fxg3 Kf5 72.
Nc7 Kg4 73. Ne6 Kxg3 74. h5 gxh5 0-1

[Event "HZ Chess Tournament 2024"]
[Site "Vlissingen, Netherlands"]
[Date "2024.08.04"]
[Round "2.26"]
[White "Duijker, Rick"]
[Black "Den Heijer, Rolinde"]
[Result "1/2-1/2"]
[WhiteElo "2186"]
[BlackElo "1981"]
[PlyCount "70"]

1. c4 e6 2. Nf3 d5 3. g3 Nf6 4. Bg2 d4 5. d3 h6 6. O-O c5 7. e3 Nc6 8. exd4
cxd4 9. Re1 Bd6 10. Na3 O-O 11. Nc2 Re8 12. a3 a5 13. Ncxd4 Nxd4 14. Nxd4 Bxg3
15. hxg3 Qxd4 16. Qe2 e5 17. Be3 Qd8 18. b4 Ra6 19. Bc5 Bg4 20. Qe3 Qc8 21. Bb6
axb4 22. axb4 e4 23. b5 Rxa1 24. Rxa1 exd3 25. Qxd3 Be2 26. Qd4 Qxc4 27. Qxc4
Bxc4 28. Bd4 Bxb5 29. Bxf6 gxf6 30. Bxb7 Kg7 31. Rd1 Bc4 32. Bf3 Rb8 33. Kg2
Be6 34. Rd4 f5 35. Rh4 Rb6 1/2-1/2

[Event "HZ Chess Tournament 2024"]
[Site "Vlissingen, Netherlands"]
[Date "2024.08.04"]
[Round "2.27"]
[White "Westerweele, Henrik"]
[Black "Kumar, Prajit Sai"]
[Result "0-1"]
[WhiteElo "1981"]
[BlackElo "2185"]
[PlyCount "60"]

1. e4 c5 2. c3 d5 3. exd5 Qxd5 4. d4 Nc6 5. Nf3 Bg4 6. Be2 cxd4 7. cxd4 e6 8.
O-O Nf6 9. Nc3 Qa5 10. Qb3 Qb4 11. Rd1 Rd8 12. Nb5 Nd5 13. Bc4 Bxf3 14. gxf3
Na5 15. Qxb4 Nxb4 16. Bb3 a6 17. Nc7+ Kd7 18. Bf4 Bd6 19. Bxd6 Kxd6 20. Rac1
Rc8 21. d5 e5 22. f4 e4 23. Rd4 Nd3 24. Rc3 Nxb3 25. Rxb3 Rxc7 26. Rxe4 Nc5 27.
Rb6+ Kd7 28. Re3 Re8 29. Ra3 Re1+ 30. Kg2 Rd1 0-1

[Event "HZ Chess Tournament 2024"]
[Site "Vlissingen, Netherlands"]
[Date "2024.08.04"]
[Round "2.28"]
[White "Karacsonyi, Kata"]
[Black "Kaufmann, Thomas"]
[Result "1-0"]
[WhiteElo "2184"]
[BlackElo "1968"]
[PlyCount "75"]

1. e4 c5 2. Nf3 Nc6 3. d4 cxd4 4. Nxd4 e5 5. Nb5 d6 6. N1c3 a6 7. Na3 Be7 8.
Be3 Nf6 9. Nc4 b5 10. Nb6 Rb8 11. Nxc8 Qxc8 12. Be2 O-O 13. O-O Rd8 14. a3 b4
15. Nd5 Nxd5 16. exd5 Nd4 17. Bxd4 exd4 18. axb4 Rxb4 19. Bxa6 Qc5 20. b3 Bf6
21. Bc4 d3 22. Ra6 dxc2 23. Qxc2 Rb6 24. Ra2 h6 25. Re1 Qb4 26. Qe4 Rbb8 27.
Ra7 Re8 28. Qxe8+ Rxe8 29. Rxe8+ Kh7 30. Bd3+ g6 31. Rxf7+ Bg7 32. Ree7 Qxb3
33. Rxg7+ Kh8 34. Rh7+ Kg8 35. Reg7+ Kf8 36. Rb7 Qd1+ 37. Bf1 Kg8 38. Rhc7 1-0

[Event "HZ Chess Tournament 2024"]
[Site "Vlissingen, Netherlands"]
[Date "2024.08.04"]
[Round "2.29"]
[White "Larsen, Harald"]
[Black "Boulahfa, Hicham"]
[Result "1/2-1/2"]
[WhiteElo "1961"]
[BlackElo "2183"]
[PlyCount "115"]

1. e4 d6 2. d4 Nf6 3. Nc3 g6 4. Nf3 Bg7 5. Be2 O-O 6. O-O c6 7. a4 a5 8. Re1
Na6 9. Bc4 Nb4 10. e5 dxe5 11. Nxe5 Bf5 12. Bb3 Nd7 13. Bf4 Nxe5 14. Bxe5 Qd7
15. Bxg7 Kxg7 16. Ne4 b6 17. h3 Rad8 18. c3 Nd5 19. Ng5 h6 20. Ne4 g5 21. Ng3
Bg6 22. Qf3 Nf4 23. Re3 Qc7 24. Rae1 Rd7 25. Ne2 Nxe2+ 26. Qxe2 e6 27. Re5 c5
28. d5 exd5 29. Bxd5 Rfd8 30. c4 Qd6 31. Qg4 Qf6 32. Qg3 Rc8 33. Qe3 Rcc7 34.
Qc3 Rd6 35. R1e3 Kf8 36. Rf3 Qd8 37. Re1 Kg8 38. Rfe3 Qf6 39. Re5 Kg7 40. R1e3
Kh7 41. Qe1 Rdd7 42. Qe2 Qd6 43. Re8 Qf6 44. R3e5 Kg7 45. Qe3 Rd8 46. Rxd8 Qxd8
47. Qe2 Kf8 48. Qf3 Kg7 49. Qe3 Kf8 50. h4 Re7 51. hxg5 Rxe5 52. Qxe5 hxg5 53.
Qh8+ Ke7 54. Qe5+ Kf8 55. Qh8+ Ke7 56. Qe5+ Kf8 57. Qh8+ Ke7 58. Qe5+ 1/2-1/2

[Event "HZ Chess Tournament 2024"]
[Site "Vlissingen, Netherlands"]
[Date "2024.08.04"]
[Round "2.30"]
[White "Goossens, Hanne"]
[Black "Oostvogels, Niek"]
[Result "1-0"]
[WhiteElo "2172"]
[BlackElo "1960"]
[PlyCount "97"]

1. e4 e6 2. d4 d5 3. exd5 exd5 4. Nf3 Bd6 5. c4 Qe7+ 6. Qe2 dxc4 7. Nc3 Bg4 8.
Be3 Nc6 9. Qxc4 Nf6 10. Be2 O-O 11. O-O Nb4 12. Bg5 c6 13. Qb3 Rfe8 14. Qd1 h6
15. Bh4 g5 16. Bg3 Nbd5 17. Ne5 Nxc3 18. bxc3 Bxe2 19. Qxe2 Nd7 20. f4 f6 21.
Qc4+ Kg7 22. Nxd7 Qxd7 23. fxg5 hxg5 24. Rf3 Bxg3 25. Rxg3 Qe6 26. Qb4 Re7 27.
h4 Kg6 28. hxg5 fxg5 29. Qc5 g4 30. Rxg4+ Qxg4 31. Qxe7 Qg5 32. Re1 Qxe7 33.
Rxe7 Rb8 34. Kf2 Kf6 35. Rh7 a5 36. g4 b5 37. Kf3 Rc8 38. Rh5 Rc7 39. Kf4 Kg6
40. Rg5+ Kf6 41. Rf5+ Ke6 42. g5 Rg7 43. Ke4 Rg6 44. Re5+ Kd6 45. Kf5 Rg8 46.
g6 Rf8+ 47. Kg5 Rf2 48. g7 Rxa2 49. Kg6 1-0

[Event "HZ Chess Tournament 2024"]
[Site "Vlissingen, Netherlands"]
[Date "2024.08.04"]
[Round "2.31"]
[White "Morgenthaler, Nick"]
[Black "Van Gool, Henk"]
[Result "1/2-1/2"]
[WhiteElo "1958"]
[BlackElo "2172"]
[PlyCount "43"]

1. d4 d6 2. e4 Nf6 3. Bd3 e5 4. c3 Be7 5. Nf3 Nbd7 6. Nbd2 c6 7. O-O O-O 8. Re1
Re8 9. Nf1 Bf8 10. dxe5 dxe5 11. Bc2 Qc7 12. b4 a5 13. Rb1 b5 14. a4 Nb6 15.
axb5 cxb5 16. bxa5 Rxa5 17. Bd3 Nc4 18. Ne3 g6 19. Qe2 Nd6 20. c4 bxc4 21. Nxc4
Nxc4 22. Bxc4 1/2-1/2

[Event "HZ Chess Tournament 2024"]
[Site "Vlissingen, Netherlands"]
[Date "2024.08.04"]
[Round "2.32"]
[White "Omota, Vlad"]
[Black "Provoost, Simon"]
[Result "0-1"]
[WhiteElo "1945"]
[BlackElo "2165"]
[PlyCount "94"]

1. e4 c6 2. d4 d5 3. e5 c5 4. dxc5 e6 5. a3 Bxc5 6. b4 Be7 7. Bb2 f6 8. Nf3 a5
9. b5 Nd7 10. Bd3 Nh6 11. O-O Nf7 12. exf6 Bxf6 13. Bxf6 Qxf6 14. Ra2 e5 15.
Re1 O-O 16. Bf1 Nb6 17. h3 Be6 18. c3 Rac8 19. Rae2 Nc4 20. a4 Rfd8 21. Nbd2 e4
22. Nd4 Nfe5 23. Nxc4 Nxc4 24. Nxe6 Qxe6 25. Qd4 Ne5 26. Rd2 Qf6 27. Red1 b6
28. Qe3 Rxc3 29. Qxc3 Nf3+ 30. gxf3 Qxc3 31. fxe4 d4 32. Bd3 g6 33. Rc2 Qa3 34.
Rc7 Qxa4 35. Bc4+ Kh8 36. Rd3 Qb4 37. Kg2 Qe1 38. Bd5 Rf8 39. Rc2 Qb1 40. Rcd2
Qxb5 41. Rxd4 Qe8 42. Rc4 Qe5 43. Re2 Kg7 44. Rc6 b5 45. Re6 Qg5+ 46. Kh2 Qf4+
47. Kg2 Qf3+ 0-1

[Event "HZ Chess Tournament 2024"]
[Site "Vlissingen, Netherlands"]
[Date "2024.08.04"]
[Round "2.33"]
[White "Frayna, Janelle Mae"]
[Black "Merz, Leander"]
[Result "1-0"]
[WhiteElo "2162"]
[BlackElo "1950"]
[PlyCount "77"]

1. e4 c6 2. d4 d5 3. e5 c5 4. dxc5 e6 5. a3 Nc6 6. Nf3 Bxc5 7. b4 Bb6 8. Bb2
Nge7 9. Nbd2 Ng6 10. h4 f6 11. exf6 gxf6 12. c4 dxc4 13. Nxc4 Qxd1+ 14. Rxd1 e5
15. h5 Nf4 16. Nd6+ Ke7 17. Nxc8+ Raxc8 18. g3 Ne6 19. Bh3 Rcd8 20. O-O Rhg8
21. Rxd8 Ncxd8 22. Kh2 Nc6 23. Bf5 Ng7 24. Bxh7 Rh8 25. Be4 Nxh5 26. Kg2 Ng7
27. Rc1 Kd7 28. b5 Na5 29. Bc3 Rc8 30. Rd1+ Ke6 31. Bd5+ Ke7 32. Bb4+ Ke8 33.
Rh1 Rc7 34. Rh6 e4 35. Bxe4 Kf7 36. Bd5+ Ne6 37. Rh4 Rc8 38. Bxa5 Bxa5 39. Nd4
1-0

[Event "HZ Chess Tournament 2024"]
[Site "Vlissingen, Netherlands"]
[Date "2024.08.04"]
[Round "2.34"]
[White "Kalle, Erwin"]
[Black "Stillger, Bernhard"]
[Result "1/2-1/2"]
[WhiteElo "1998"]
[BlackElo "2263"]
[PlyCount "103"]

1. e4 c6 2. d4 d5 3. Nc3 dxe4 4. Nxe4 Bf5 5. Ng3 Bg6 6. Nh3 Nf6 7. Bc4 e6 8.
Nf4 Bd6 9. Bb3 Nbd7 10. Qf3 Qc7 11. O-O e5 12. Nxg6 hxg6 13. c3 exd4 14. Re1+
Kf8 15. cxd4 Nb6 16. Bg5 Nbd5 17. h3 Bxg3 18. fxg3 Kg8 19. Re5 Kh7 20. Rae1
Rhf8 21. Kh2 Qd6 22. Bxd5 Nxd5 23. Be7 Nxe7 24. Rxe7 Kg8 25. Rxb7 Qxd4 26. Ree7
Qd5 27. Qxd5 cxd5 28. Rbd7 a5 29. Rxd5 a4 30. Rdd7 Rac8 31. Ra7 Rc4 32. h4 Rb4
33. Reb7 Rd4 34. Kh3 Re4 35. g4 Rd4 36. g5 Rf4 37. Kg3 Rd4 38. Kh3 Rf4 39. g3
Rd4 40. Kg2 Rd2+ 41. Kh3 Rd4 42. a3 Re4 43. Rb4 Re2 44. Raxa4 Rd8 45. Ra7 Rf2
46. Rab7 Rd3 47. Kg4 Rff3 48. a4 Rxg3+ 49. Kf4 Rde3 50. a5 Rgf3+ 51. Kg4 Rg3+
52. Kf4 1/2-1/2

[Event "HZ Chess Tournament 2024"]
[Site "Vlissingen, Netherlands"]
[Date "2024.08.04"]
[Round "2.35"]
[White "Verheij, Dana"]
[Black "Boeren, Jurriaan"]
[Result "1/2-1/2"]
[WhiteElo "1941"]
[BlackElo "2159"]
[PlyCount "59"]

1. e4 e5 2. Bc4 Nf6 3. d3 c6 4. Nf3 d5 5. Bb3 Bd6 6. Bg5 Be6 7. exd5 cxd5 8.
Nc3 Qa5 9. O-O Nbd7 10. Re1 O-O 11. a3 Rfe8 12. Qd2 d4 13. Ne4 Qxd2 14. Nfxd2
Bxb3 15. Nxd6 Re6 16. Nb5 Rb6 17. Nxd4 Bd5 18. N4b3 Rc8 19. c4 Bc6 20. Be3 Ra6
21. d4 Ba4 22. Nc1 exd4 23. Bxd4 Rd6 24. Bc3 Nc5 25. b4 Nd3 26. Nxd3 Rxd3 27.
Bxf6 Rxd2 28. Bg5 Rd3 29. Re7 f6 30. Be3 1/2-1/2

[Event "HZ Chess Tournament 2024"]
[Site "Vlissingen, Netherlands"]
[Date "2024.08.04"]
[Round "2.36"]
[White "Vantorre, Nils"]
[Black "Boecker, Juergen"]
[Result "1-0"]
[WhiteElo "2153"]
[BlackElo "1945"]
[PlyCount "99"]

1. e4 e5 2. Nf3 d5 3. exd5 e4 4. Qe2 Nf6 5. Nc3 Be7 6. Nxe4 O-O 7. Nxf6+ Bxf6
8. d4 Re8 9. Be3 c5 10. O-O-O cxd4 11. Nxd4 Qxd5 12. Qb5 Rd8 13. Qxd5 Rxd5 14.
Be2 Bxd4 15. Rxd4 Rxd4 16. Bxd4 Nc6 17. Be3 b6 18. Bf3 Bb7 19. Rd1 Rd8 20.
Rxd8+ Nxd8 21. Bxb7 Nxb7 22. Kd2 Kf8 23. Kd3 Ke8 24. Kc4 Nd6+ 25. Kd5 Kd7 26.
c4 Nf5 27. b4 Ne7+ 28. Ke4 Kc6 29. b5+ Kb7 30. Ke5 Kc7 31. g4 h6 32. f3 Kd7 33.
c5 Kc7 34. c6 a6 35. a4 axb5 36. axb5 Nc8 37. Bf4 Na7 38. Kd5+ Kc8 39. Kd6
Nxb5+ 40. Ke7 Nd4 41. Kxf7 b5 42. h4 b4 43. h5 b3 44. Bc1 Nxf3 45. Kxg7 Ne5 46.
g5 Nd3 47. Ba3 hxg5 48. h6 Nf4 49. h7 Ne6+ 50. Kf6 1-0

[Event "HZ Chess Tournament 2024"]
[Site "Vlissingen, Netherlands"]
[Date "2024.08.04"]
[Round "2.37"]
[White "Verbeeren, Peter"]
[Black "Van Rootselaar, Rik"]
[Result "0-1"]
[WhiteElo "1936"]
[BlackElo "2152"]
[PlyCount "114"]

1. d4 Nf6 2. c3 g6 3. Bf4 Bg7 4. e3 O-O 5. Nf3 d6 6. h3 c5 7. dxc5 dxc5 8. Nbd2
Nc6 9. Qc2 b6 10. Bb5 Bb7 11. Rd1 Qc8 12. O-O h6 13. Bh2 Rd8 14. Be2 Ne8 15.
Qa4 a6 16. Qc2 Nd6 17. Nc4 Nxc4 18. Bxc4 b5 19. Rxd8+ Nxd8 20. Be2 Ne6 21. Rd1
c4 22. Ne1 Nc5 23. Bf3 Bxf3 24. Nxf3 Qe6 25. Ne1 a5 26. Qd2 Ne4 27. Qd5 Qxd5
28. Rxd5 b4 29. f3 Nd6 30. Bxd6 exd6 31. Rxd6 bxc3 32. bxc3 Bxc3 33. Nc2 Rb8
34. Nd4 Bd2 35. Kf2 Rb2 36. Rc6 c3 37. Ke2 Rxa2 38. Kd3 Ra1 39. Ne2 Rd1 40. Kc2
Re1 41. Kd3 Kg7 42. e4 Rd1 43. Kc2 Rf1 44. Nxc3 Rf2 45. Nb5 Rxg2 46. Kd3 Bb4
47. Nc7 h5 48. Ne8+ Kh6 49. f4 Rg3+ 50. Kd4 Rf3 51. f5 Rxh3 52. fxg6 fxg6 53.
e5 a4 54. e6 a3 55. Ra6 Rh1 56. Nd6 Bxd6 57. Rxd6 a2 0-1

[Event "HZ Chess Tournament 2024"]
[Site "Vlissingen, Netherlands"]
[Date "2024.08.04"]
[Round "2.38"]
[White "Morssink, Pieter Jan"]
[Black "Hng, Mei-En Emmanuelle"]
[Result "0-1"]
[WhiteElo "1925"]
[BlackElo "2145"]
[PlyCount "126"]

1. Nf3 Nf6 2. g3 e6 3. Bg2 c5 4. d4 cxd4 5. Nxd4 d5 6. O-O e5 7. Nf3 Nc6 8. c4
d4 9. b4 e4 10. Ng5 Bxb4 11. Nxe4 Nxe4 12. Bxe4 Bh3 13. Bg2 Bxg2 14. Kxg2 O-O
15. Nd2 Re8 16. Nf3 Qe7 17. Nxd4 Qe4+ 18. Nf3 Bc3 19. Be3 Bxa1 20. Qxa1 Qxc4
21. Qb2 Qb4 22. Qc2 Qe4 23. Rc1 Qxc2 24. Rxc2 Rac8 25. Rb2 b6 26. Kf1 Na5 27.
Bf4 f6 28. h4 Nc4 29. Rb3 Ne5 30. Nxe5 fxe5 31. Be3 Rc2 32. Ra3 Re7 33. Kg2 h6
34. Ra4 Kf7 35. Kf3 e4+ 36. Kf4 Rxe2 37. a3 Ra2 38. g4 Rb2 39. Rc4 Rb3 40. Ra4
Rb5 41. g5 hxg5+ 42. hxg5 Ra5 43. Rxa5 bxa5 44. Bd4 Kg6 45. Be3 a4 46. Bd4 a6
47. Be3 Rc7 48. Bd4 Rf7+ 49. Kxe4 Kxg5 50. Bc5 Rf5 51. Ba7 Kg4 52. Be3 g5 53.
Ba7 Rf4+ 54. Kd3 Rf3+ 55. Be3 Kf5 56. Kd4 g4 57. Kd3 Ke5 58. Ke2 Kd5 59. Kd3
Ke5 60. Ke2 Ke4 61. Bc5 Rc3 62. Bb4 Rc2+ 63. Kf1 Kf3 0-1

[Event "HZ Chess Tournament 2024"]
[Site "Vlissingen, Netherlands"]
[Date "2024.08.04"]
[Round "2.39"]
[White "Abrahams, Daniel"]
[Black "Van Gemert, Rogier"]
[Result "1/2-1/2"]
[WhiteElo "2139"]
[BlackElo "1945"]
[PlyCount "118"]

1. Nf3 g6 2. c4 Bg7 3. d4 d6 4. Nc3 Nc6 5. d5 Ne5 6. Nxe5 Bxe5 7. e4 c6 8. Bd3
Bd7 9. O-O Bg7 10. Be3 Nf6 11. h3 O-O 12. Qd2 a6 13. a4 a5 14. Rad1 c5 15. Be2
Ne8 16. f4 f6 17. Qc2 Nc7 18. Rde1 Na6 19. h4 Nb4 20. Qd2 Qc8 21. Bf3 Bg4 22.
Nb5 Bxf3 23. Rxf3 Qd7 24. Bf2 b6 25. Rg3 Kf7 26. f5 Rh8 27. Qe2 Rag8 28. Qg4
Ke8 29. fxg6 Qxg4 30. Rxg4 hxg6 31. Re3 Bh6 32. Reg3 Kd7 33. b3 Bd2 34. Kf1 g5
35. Ke2 Bf4 36. Rh3 Be5 37. hxg5 Rxh3 38. gxh3 Rxg5 39. Rxg5 fxg5 40. Be3 Bf6
41. Na3 Ke8 42. Bd2 Na6 43. Kf3 Kf7 44. Kg4 Kg6 45. Nb5 Nb8 46. Na7 Nd7 47. Nc6
Nf8 48. Nb8 e6 49. Nc6 exd5 50. exd5 Nd7 51. Be3 Nf8 52. Bf2 Nd7 53. Bg3 Be5
54. Bxe5 dxe5 55. Ne7+ Kf6 56. d6 e4 57. Nd5+ Kg6 58. Ne7+ Kf6 59. Nd5+ Kg6
1/2-1/2

[Event "HZ Chess Tournament 2024"]
[Site "Vlissingen, Netherlands"]
[Date "2024.08.04"]
[Round "2.40"]
[White "Harreman, Joeri"]
[Black "Decker, Nils"]
[Result "0-1"]
[WhiteElo "1658"]
[BlackElo "2134"]
[PlyCount "82"]

1. d4 d6 2. c4 e5 3. dxe5 dxe5 4. Qxd8+ Kxd8 5. Nc3 Be6 6. e4 Nc6 7. Nf3 Bc5 8.
Ng5 Nge7 9. Nxe6+ fxe6 10. Bd3 Rf8 11. O-O Ng6 12. Be3 Bd4 13. Bxd4 exd4 14.
Ne2 Nge5 15. Rfd1 Ke7 16. f4 Ng4 17. e5 Ne3 18. Rd2 Rad8 19. b3 g5 20. g3 gxf4
21. gxf4 Rg8+ 22. Kh1 Nb4 23. Bxh7 Rg7 24. Be4 Ng4 25. Ng3 Rh8 26. Rg1 Rh4 27.
f5 Nxe5 28. fxe6 Rxg3 29. Rxg3 Rxe4 30. Kg2 Kxe6 31. h3 d3 32. Kf2 Rf4+ 33. Kg2
Nc2 34. Rf2 d2 35. Rxd2 Ne1+ 36. Kh1 Rf1+ 37. Rg1 Rxg1+ 38. Kxg1 N1f3+ 39. Kg2
Nxd2 40. h4 Nd3 41. Kg3 Kf5 0-1